|
|
|
|
| LEADER |
00888cam a2200253 7i4500 |
| 001 |
0000080210 |
| 005 |
20231024090000.0 |
| 020 |
|
|
|a 9789811997983 (
|
| 090 |
0 |
0 |
|a JF1525.A8
|b G87 2023
|
| 100 |
1 |
|
|a Gupta, Rajan
|
| 245 |
1 |
0 |
|a EdgeAI for algorithmic government
|c Rajan Gupta, Sanjana Das, Saibal Kumar Pal.
|
| 264 |
|
|
|a Singapore:
|b Palgrave Macmillan,
|c 2023.
|
| 300 |
|
|
|a 1 online resource (xxi, 92 pages):
|b illustrations (some color), text file, PDF.
|
| 336 |
|
|
|a text
|2 rdacontent
|
| 337 |
|
|
|a computer
|2 rdamedia
|
| 338 |
|
|
|a online resource
|2 rdacarrier
|
| 650 |
|
0 |
|a Artificial intelligence
|
| 650 |
|
0 |
|a Edge computing
|
| 650 |
|
0 |
|a Internet in public administration
|
| 655 |
|
0 |
|a Electronic books
|
| 700 |
1 |
|
|a Das, Sanjana
|
| 700 |
1 |
|
|a Pal, Saibal K.
|
| 856 |
4 |
2 |
|u http://library.unisel.edu.my/web/guest/mylibrary
|
| 999 |
|
|
|a EBO0022327
|b EBOOK
|c EBOOK
|e Electronic resources
|